| 000 | 00893nam a2200265Ia 4500 | ||
|---|---|---|---|
| 003 | GCL | ||
| 005 | 20240530105432.0 | ||
| 008 | 140319s9999 xx 000 0 ara d | ||
| 040 |
_aGCL / _cGCL |
||
| 082 | 0 | 4 |
_a372.7/ _bب ط |
| 100 | 1 | _aبل، فريدريك هـ. | |
| 245 | 1 | 0 |
_aطرق تدريس الرياضيات / _cفريدريك هـ. بل |
| 260 |
_aالقاهرة : _bالدار العربية للتوزيع والنشر ، _c1994 |
||
| 300 |
_a2 مج ؛ _c24 سم |
||
| 650 | 0 | 4 | _aطرق التدريس |
| 650 | 0 | 4 | _aمناهج التعليم |
| 650 | 0 | 4 | _aالتربية |
| 650 | 0 | 4 | _aالرياضيات |
| 650 | 0 | 4 | _aالمدرسون |
| 650 | 0 | 4 | _aالرياضيات - طرق التدريس |
| 700 | 1 | _aممدوح محمد سليمان | |
| 700 | 1 | _aمحمد امين المفتى (مترجم) | |
| 700 | 1 | _aوليم تاوضروس عبيد | |
| 942 |
_2ddc _cBK |
||
| 999 |
_c56018 _d56018 |
||